00806cam a2200265 a 450000100090000000300040000900500170001300800410003001000170007102000140008802000270010204000180012904200140014705000240016110000200018524500360020526000350024130000170027652100070029352600090030065000210030965000210033085600850035185601040043612254373OSt20140310184348.0001211s2001 nyu c 000 1 eng  a 00054233  a043956969 a006029289X (lib. bdg.) aDLCcDLCdDLC apccalcac00aPZ 7b.C8615Lo 20031 aCreech, Sharon.10aLove that dog /cSharon Creech. aNew York :bScholastic,c2001. a86 p. ;ccm. aG9 c1010 1aPoetryvFiction. 1aNovels in verse.423Publisher descriptionuhttp://www.loc.gov/catdir/description/hc043/00054233.html423Contributor biographical informationuhttp://www.loc.gov/catdir/enhancements/fy0910/00054233-b.html